Qualitative landscape of information literacy resesarch: perspectives, methods and techniques (Record no. 1226379)

MARC details
000 -LEADER
fixed length control field 00724nam a2200217Ia 4500
005 - DATE AND TIME OF LATEST TRANSACTION
control field 20241129105854.0
008 - FIXED-LENGTH DATA ELEMENTS--GENERAL INFORMATION
fixed length control field 241129s9999||||xx |||||||||||||| ||und||
020 ## - INTERNATIONAL STANDARD BOOK NUMBER
International Standard Book Number 978-1-78330-405-9
037 ## - SOURCE OF ACQUISITION
Stock number TB
040 ## - CATALOGING SOURCE
Original cataloging agency ARTS
Language of cataloging eng
Transcribing agency ARTS
041 ## - LANGUAGE CODE
Language code of text/sound track or separate title eng
Source of code eng
084 ## - COLON CLASSIFICATION NUMBER
Classification number T:3(D65,8(2:55)) R1 (2D)
Assigning agency ARTS
100 ## - MAIN ENTRY--PERSONAL NAME
Personal name Lioyd Annemaree Au.
9 (RLIN) 726550
245 #0 - TITLE STATEMENT
Title Qualitative landscape of information literacy resesarch: perspectives, methods and techniques
Statement of responsibility, etc. Lioyd Annemaree Au.
260 ## - PUBLICATION, DISTRIBUTION, ETC.
Place of publication, distribution, etc. UK
Name of publisher, distributor, etc. Facet Publishing
Date of publication, distribution, etc. 2023
300 ## - PHYSICAL DESCRIPTION
Extent xxiii,152p.
365 ## - TRADE PRICE
Price type code UKP
Price amount 50
650 ## - SUBJECT ADDED ENTRY--TOPICAL TERM
Topical term or geographic name entry element EducationTeachingComputer Applications
9 (RLIN) 726551
942 ## - ADDED ENTRY ELEMENTS (KOHA)
Koha item type Textbook
Classification part T:3(D65,8(2:55)) R1 (2D)
Holdings
Withdrawn status Lost status Damaged status Not for loan Home library Current library Date acquired Source of acquisition Cost, normal purchase price Inventory number Total Checkouts Full call number Barcode Date last seen Price effective from Koha item type
        Arts Library Arts Library 2024-11-29 Elite Publishers Distributors 50.00 14730 & 04/02/2023   T:3(D65,8(2:55)) R1 (2D) AL1667412 2024-11-29 2024-11-29 Textbook
Copyright @ Delhi University Library System